[Event "World Chess Olympiad 2018"]
[Site "Batumi"]
[Date "2018.10.01"]
[Round "7"]
[Board "1"]
[WhiteFideId "4402669"]
[White "Gallego Alcaraz Andres Felipe"]
[BlackFideId "13602276"]
[Black "Maghalashvili Davit"]
[Result "1/2-1/2"]
[LiveChessVersion "1.4.8"]
[BlackElo "2508"]
[WhiteElo "2511"]

1. d4 {[%clk 1:30:56]} d5 {[%clk 1:30:55]} 2. c4 {[%clk 1:31:15]} e6
{[%clk 1:31:21]} 3. Nf3 {[%clk 1:31:35]} Nf6 {[%clk 1:31:45]} 4. g3
{[%clk 1:31:57]} Be7 {[%clk 1:32:09]} 5. Bg2 {[%clk 1:32:18]} O-O
{[%clk 1:32:33]} 6. O-O {[%clk 1:32:39]} dxc4 {[%clk 1:32:59]} 7. Qc2
{[%clk 1:33:01]} a6 {[%clk 1:33:23]} 8. a4 {[%clk 1:33:01]} Bd7 {[%clk 1:33:44]}
9. Qxc4 {[%clk 1:32:57]} Bc6 {[%clk 1:33:53]} 10. Bf4 {[%clk 1:32:45]} a5
{[%clk 1:33:17]} 11. Nc3 {[%clk 1:31:51]} Na6 {[%clk 1:32:38]} 12. Rfd1
{[%clk 1:31:05]} Bd5 {[%clk 1:15:59]} 13. Nxd5 {[%clk 1:21:45]} exd5
{[%clk 1:13:36]} 14. Qb5 {[%clk 1:19:23]} Nb4 {[%clk 1:13:15]} 15. Rdc1
{[%clk 1:01:33]} Ne8 {[%clk 1:06:17]} 16. Ne5 {[%clk 0:36:58]} Nd6
{[%clk 1:02:06]} 17. Qd7 {[%clk 0:36:24]} c6 {[%clk 1:01:30]} 18. Bh3
{[%clk 0:30:46]} Re8 {[%clk 0:51:37]} 19. Qxd8 {[%clk 0:24:17]} Raxd8
{[%clk 0:48:10]} 20. Bd7 {[%clk 0:21:03]} Rf8 {[%clk 0:48:23]} 21. Bh3
{[%clk 0:21:25]} Rfe8 {[%clk 0:41:23]} 22. Bd7 {[%clk 0:21:25]} Rf8
{[%clk 0:41:48]} 23. Bh3 {[%clk 0:21:29]} Rfe8 {[%clk 0:42:12]} 1/2-1/2

[Event "World Chess Olympiad 2018"]
[Site "Batumi"]
[Date "2018.10.01"]
[Round "7"]
[Board "2"]
[WhiteFideId "13602608"]
[White "Sanikidze Tornike"]
[BlackFideId "4403940"]
[Black "Rios Cristhian Camilo"]
[Result "1/2-1/2"]
[LiveChessVersion "1.4.8"]
[BlackElo "2465"]
[WhiteElo "2497"]

1. d4 {[%clk 1:30:46]} Nf6 {[%clk 1:30:41]} 2. c4 {[%clk 1:31:06]} e6
{[%clk 1:30:53]} 3. Nf3 {[%clk 1:31:16]} Bb4+ {[%clk 1:30:53]} 4. Nbd2
{[%clk 1:31:21]} a5 {[%clk 1:29:38]} 5. a3 {[%clk 1:30:16]} Bxd2+
{[%clk 1:28:54]} 6. Qxd2 {[%clk 1:30:04]} d6 {[%clk 1:26:25]} 7. Qc2
{[%clk 1:21:18]} O-O {[%clk 1:11:19]} 8. b3 {[%clk 1:14:32]} Qe7 {[%clk 1:09:14]}
9. Bb2 {[%clk 1:14:34]} Nbd7 {[%clk 1:08:46]} 10. g3 {[%clk 1:12:14]} e5
{[%clk 1:03:38]} 11. Bg2 {[%clk 1:11:39]} Re8 {[%clk 1:01:03]} 12. O-O
{[%clk 1:06:26]} e4 {[%clk 0:53:58]} 13. Nh4 {[%clk 0:49:11]} Nb6
{[%clk 0:49:40]} 14. f4 {[%clk 0:46:27]} exf3 {[%clk 0:45:17]} 15. Bxf3
{[%clk 0:43:41]} Qe3+ {[%clk 0:33:11]} 16. Rf2 {[%clk 0:35:45]} a4
{[%clk 0:32:00]} 17. bxa4 {[%clk 0:30:20]} Ng4 {[%clk 0:32:19]} 18. Bxg4
{[%clk 0:29:55]} Bxg4 {[%clk 0:32:41]} 19. Ng2 {[%clk 0:25:20]} Qe4
{[%clk 0:33:04]} 20. Qb3 {[%clk 0:25:43]} Nxa4 {[%clk 0:27:51]} 21. Raf1
{[%clk 0:25:07]} Nxb2 {[%clk 0:28:09]} 22. Qxb2 {[%clk 0:25:06]} Bh3
{[%clk 0:28:31]} 23. Ra1 {[%clk 0:23:32]} Bxg2 {[%clk 0:25:50]} 24. Rxg2
{[%clk 0:23:58]} Ra4 {[%clk 0:25:58]} 25. Qc3 {[%clk 0:22:30]} Qe3+
{[%clk 0:22:29]} 26. Qxe3 {[%clk 0:22:56]} Rxe3 {[%clk 0:22:51]} 27. Rb1
{[%clk 0:23:12]} b6 {[%clk 0:14:15]} 28. c5 {[%clk 0:23:30]} Rexa3
{[%clk 0:14:31]} 29. cxb6 {[%clk 0:21:29]} Ra1 {[%clk 0:14:49]} 30. Rxa1
{[%clk 0:21:51]} Rxa1+ {[%clk 0:15:11]} 31. Kf2 {[%clk 0:22:19]} cxb6
{[%clk 0:15:26]} 32. Ke3 {[%clk 0:22:29]} f5 {[%clk 0:10:23]} 33. g4
{[%clk 0:18:20]} Ra3+ {[%clk 0:10:06]} 34. Kf4 {[%clk 0:18:17]} fxg4
{[%clk 0:09:42]} 35. e3 {[%clk 0:16:05]} Rb3 {[%clk 0:08:24]} 36. Rxg4
{[%clk 0:15:08]} Kf7 {[%clk 0:08:21]} 37. Ke4 {[%clk 0:13:18]} Rb5
{[%clk 0:07:23]} 38. Rg2 {[%clk 0:13:31]} Rh5 {[%clk 0:06:30]} 39. d5
{[%clk 0:11:41]} Rh4+ {[%clk 0:05:00]} 40. Kd3 {[%clk 0:42:07]} b5
{[%clk 0:33:06]} 41. e4 {[%clk 0:37:04]} Rh3+ {[%clk 0:33:11]} 42. Kd4
{[%clk 0:37:20]} Rb3 {[%clk 0:33:11]} 43. Rc2 {[%clk 0:34:56]} Rb4+
{[%clk 0:33:19]} 44. Kd3 {[%clk 0:34:44]} Rb3+ {[%clk 0:33:40]} 45. Kd4
{[%clk 0:35:10]} Rb4+ {[%clk 0:34:04]} 46. Kd3 {[%clk 0:35:15]} Rb3+
{[%clk 0:34:15]} 47. Kd4 {[%clk 0:35:36]} 1/2-1/2

[Event "World Chess Olympiad 2018"]
[Site "Batumi"]
[Date "2018.10.01"]
[Round "7"]
[Board "4"]
[WhiteFideId "13602250"]
[White "Quparadze Giga"]
[BlackFideId "4404025"]
[Black "Martinez Romero Martin"]
[Result "1/2-1/2"]
[LiveChessVersion "1.4.8"]
[BlackElo "2438"]
[WhiteElo "2495"]

1. e4 {[%clk 1:30:55]} c5 {[%clk 1:30:15]} 2. Nf3 {[%clk 1:31:20]} d6
{[%clk 1:30:39]} 3. d4 {[%clk 1:31:27]} cxd4 {[%clk 1:31:02]} 4. Nxd4
{[%clk 1:31:55]} Nf6 {[%clk 1:31:23]} 5. Nc3 {[%clk 1:32:21]} Nc6
{[%clk 1:31:49]} 6. g3 {[%clk 1:32:48]} g6 {[%clk 1:32:14]} 7. Nde2
{[%clk 1:33:13]} Bg7 {[%clk 1:32:40]} 8. Bg2 {[%clk 1:33:40]} O-O
{[%clk 1:33:05]} 9. O-O {[%clk 1:34:07]} Rb8 {[%clk 1:33:32]} 10. a4
{[%clk 1:34:31]} a6 {[%clk 1:34:00]} 11. Nd5 {[%clk 1:34:19]} b5 {[%clk 1:33:33]}
12. axb5 {[%clk 1:34:43]} axb5 {[%clk 1:33:59]} 13. Bg5 {[%clk 1:31:48]} Ng4
{[%clk 1:27:12]} 14. Rb1 {[%clk 1:24:24]} b4 {[%clk 1:27:17]} 15. h3
{[%clk 1:19:46]} Nge5 {[%clk 1:21:36]} 16. f4 {[%clk 1:19:56]} f6
{[%clk 1:11:10]} 17. Bh4 {[%clk 1:19:30]} Nf7 {[%clk 1:08:42]} 18. g4
{[%clk 1:19:39]} g5 {[%clk 1:06:59]} 19. Bf2 {[%clk 1:19:52]} gxf4
{[%clk 1:06:23]} 20. Nexf4 {[%clk 1:20:05]} e6 {[%clk 1:05:11]} 21. Ne3
{[%clk 1:20:13]} Bh6 {[%clk 1:05:20]} 22. Nh5 {[%clk 1:19:38]} Nfe5
{[%clk 1:00:10]} 23. Ra1 {[%clk 1:19:41]} Kh8 {[%clk 1:00:25]} 24. Kh1
{[%clk 1:19:57]} Bg5 {[%clk 0:51:31]} 25. b3 {[%clk 1:19:36]} Bb7
{[%clk 0:50:32]} 26. Nc4 {[%clk 1:17:06]} Nxc4 {[%clk 0:45:18]} 27. bxc4
{[%clk 1:17:31]} Qe7 {[%clk 0:45:32]} 28. Bg3 {[%clk 1:17:53]} Rbd8
{[%clk 0:45:29]} 29. Qe1 {[%clk 1:14:10]} e5 {[%clk 0:38:29]} 30. Bf2
{[%clk 1:09:26]} Qe6 {[%clk 0:36:43]} 31. Qe2 {[%clk 1:09:02]} Rc8
{[%clk 0:27:36]} 32. Qd3 {[%clk 1:08:26]} Nd4 {[%clk 0:18:45]} 33. Ra7
{[%clk 1:08:26]} Rf7 {[%clk 0:18:20]} 34. Bxd4 {[%clk 1:06:22]} exd4
{[%clk 0:18:39]} 35. Qxd4 {[%clk 1:06:40]} Qxc4 {[%clk 0:17:24]} 36. Qxc4
{[%clk 1:02:18]} Rxc4 {[%clk 0:17:44]} 37. Rd1 {[%clk 1:01:38]} Rxc2
{[%clk 0:14:05]} 38. Rxd6 {[%clk 1:01:49]} h6 {[%clk 0:14:05]} 39. Rb6
{[%clk 0:59:59]} Rxg2 {[%clk 0:13:12]} 40. Rbxb7 {[%clk 1:28:50]} Rxb7
{[%clk 0:42:57]} 41. Rxb7 {[%clk 1:29:11]} Rb2 {[%clk 0:42:50]} 42. Kg1
{[%clk 1:25:34]} b3 {[%clk 0:40:17]} 43. Kf1 {[%clk 1:26:00]} Bh4
{[%clk 0:40:12]} 44. Kg1 {[%clk 1:24:33]} Rb1+ {[%clk 0:36:38]} 45. Kg2
{[%clk 1:24:48]} Bg5 {[%clk 0:36:38]} 46. Kf2 {[%clk 1:20:46]} b2
{[%clk 0:36:29]} 47. Rb8+ {[%clk 1:21:13]} Kh7 {[%clk 0:36:49]} 48. Kg2
{[%clk 1:21:40]} Be3 {[%clk 0:24:32]} 49. Rb7+ {[%clk 1:22:04]} Kg8
{[%clk 0:24:40]} 50. Nxf6+ {[%clk 1:22:25]} Kf8 {[%clk 0:25:06]} 51. e5
{[%clk 1:21:34]} Rg1+ {[%clk 0:24:33]} 52. Kf3 {[%clk 1:21:58]} Bd4
{[%clk 0:22:06]} 53. Ke4 {[%clk 1:22:22]} Bc3 {[%clk 0:21:16]} 54. Kd3
{[%clk 1:22:48]} Bxe5 {[%clk 0:20:48]} 55. Nd7+ {[%clk 1:23:12]} Ke8
{[%clk 0:21:05]} 56. Nxe5 {[%clk 1:23:35]} b1=Q+ {[%clk 0:21:25]} 57. Rxb1
{[%clk 1:23:58]} Rxb1 {[%clk 0:21:53]} 58. Ke4 {[%clk 1:24:19]} Kf8
{[%clk 0:20:59]} 59. Kf4 {[%clk 1:24:25]} Kg7 {[%clk 0:21:09]} 60. h4
{[%clk 1:24:44]} Rh1 {[%clk 0:21:18]} 61. Nf3 {[%clk 1:25:07]} Rh3
{[%clk 0:21:00]} 62. Nd4 {[%clk 1:25:26]} Ra3 {[%clk 0:20:31]} 63. Nf5+
{[%clk 1:25:51]} Kg6 {[%clk 0:20:40]} 64. h5+ {[%clk 1:26:04]} Kh7
{[%clk 0:20:53]} 65. Ke4 {[%clk 1:26:30]} Ra4+ {[%clk 0:20:55]} 66. Kf3
{[%clk 1:26:49]} 1/2-1/2

[Event "World Chess Olympiad 2018"]
[Site "Batumi"]
[Date "2018.10.01"]
[Round "7"]
[Board "1"]
[WhiteFideId "14001101"]
[White "Atabayev Maksat"]
[BlackFideId "10200444"]
[Black "Mollah Abdullah Al Rakib"]
[Result "0-1"]
[LiveChessVersion "1.4.8"]
[BlackElo "2472"]
[WhiteElo "2505"]

1. Nf3 {[%clk 1:30:37]} Nf6 {[%clk 1:30:45]} 2. c4 {[%clk 1:30:33]} b6
{[%clk 1:30:55]} 3. g3 {[%clk 1:30:19]} Bb7 {[%clk 1:31:19]} 4. Bg2
{[%clk 1:30:46]} g6 {[%clk 1:31:05]} 5. O-O {[%clk 1:30:24]} Bg7 {[%clk 1:31:29]}
6. d4 {[%clk 1:29:50]} O-O {[%clk 1:30:40]} 7. d5 {[%clk 1:25:53]} Ne4
{[%clk 1:28:18]} 8. Qc2 {[%clk 1:23:36]} f5 {[%clk 1:28:30]} 9. Ng5
{[%clk 1:23:45]} Nd6 {[%clk 1:26:40]} 10. Bf4 {[%clk 1:18:56]} Re8
{[%clk 1:18:35]} 11. Na3 {[%clk 1:00:11]} h6 {[%clk 0:59:56]} 12. Nf3
{[%clk 0:52:06]} e5 {[%clk 1:00:00]} 13. dxe6 {[%clk 0:51:51]} dxe6
{[%clk 0:57:14]} 14. Rad1 {[%clk 0:48:21]} Na6 {[%clk 0:44:08]} 15. Nb5
{[%clk 0:44:04]} e5 {[%clk 0:42:28]} 16. Be3 {[%clk 0:42:01]} Qe7
{[%clk 0:34:05]} 17. a3 {[%clk 0:25:03]} Nf7 {[%clk 0:24:38]} 18. Nh4
{[%clk 0:23:17]} Bxg2 {[%clk 0:24:37]} 19. Kxg2 {[%clk 0:23:42]} c6
{[%clk 0:19:09]} 20. Qa4 {[%clk 0:22:19]} Nc5 {[%clk 0:14:10]} 21. Bxc5
{[%clk 0:22:11]} bxc5 {[%clk 0:13:56]} 22. Nc3 {[%clk 0:08:29]} Qe6
{[%clk 0:14:18]} 23. e4 {[%clk 0:08:53]} f4 {[%clk 0:12:38]} 24. Rd3
{[%clk 0:08:55]} Ng5 {[%clk 0:11:30]} 25. Rfd1 {[%clk 0:04:40]} Rf8
{[%clk 0:08:37]} 26. Qc2 {[%clk 0:04:30]} Qh3+ {[%clk 0:06:37]} 27. Kg1
{[%clk 0:04:53]} Ne6 {[%clk 0:05:38]} 28. Ne2 {[%clk 0:02:50]} Rf7
{[%clk 0:02:21]} 29. Qd2 {[%clk 0:00:34]} Raf8 {[%clk 0:02:20]} 30. Qe1
{[%clk 0:00:49]} f3 {[%clk 0:01:42]} 31. Nxf3 {[%clk 0:00:33]} Rxf3
{[%clk 0:02:04]} 32. Rxf3 {[%clk 0:01:00]} Rxf3 {[%clk 0:02:33]} 33. Qa5
{[%clk 0:01:26]} Ng5 {[%clk 0:01:59]} 0-1

[Event "World Chess Olympiad 2018"]
[Site "Batumi"]
[Date "2018.10.01"]
[Round "7"]
[Board "2"]
[WhiteFideId "10200037"]
[White "Rahman Ziaur"]
[BlackFideId "14000571"]
[Black "Atabayev Saparmyrat"]
[Result "1/2-1/2"]
[LiveChessVersion "1.4.8"]
[BlackElo "2443"]
[WhiteElo "2477"]

1. d4 {[%clk 1:30:50]} Nf6 {[%clk 1:30:56]} 2. Bg5 {[%clk 1:31:03]} Ne4
{[%clk 1:30:36]} 3. Bf4 {[%clk 1:31:25]} d5 {[%clk 1:30:45]} 4. e3
{[%clk 1:31:27]} c5 {[%clk 1:30:21]} 5. Bd3 {[%clk 1:31:32]} Nf6 {[%clk 1:28:47]}
6. Nc3 {[%clk 1:29:54]} e6 {[%clk 1:27:48]} 7. Nb5 {[%clk 1:23:43]} Na6
{[%clk 1:26:08]} 8. c3 {[%clk 1:23:22]} c4 {[%clk 1:21:09]} 9. Be2
{[%clk 1:21:24]} Qb6 {[%clk 1:13:32]} 10. a4 {[%clk 1:21:32]} Bd7
{[%clk 1:12:49]} 11. b3 {[%clk 1:17:51]} Bxb5 {[%clk 1:11:21]} 12. axb5
{[%clk 1:18:14]} Qxb5 {[%clk 1:11:35]} 13. bxc4 {[%clk 1:07:04]} dxc4
{[%clk 1:11:45]} 14. Qb1 {[%clk 1:04:59]} Qc6 {[%clk 0:55:20]} 15. Nf3
{[%clk 1:03:13]} Nd5 {[%clk 0:53:28]} 16. Ne5 {[%clk 0:57:50]} Nxc3
{[%clk 0:53:32]} 17. Nxc6 {[%clk 0:42:41]} Nxb1 {[%clk 0:53:51]} 18. Rxb1
{[%clk 0:38:54]} bxc6 {[%clk 0:54:03]} 19. Rb7 {[%clk 0:34:11]} Nb4
{[%clk 0:50:30]} 20. Bxc4 {[%clk 0:34:24]} a5 {[%clk 0:48:07]} 21. Kd2
{[%clk 0:28:52]} Nd5 {[%clk 0:37:39]} 22. Bxd5 {[%clk 0:26:19]} cxd5
{[%clk 0:37:56]} 23. Ra1 {[%clk 0:26:39]} a4 {[%clk 0:36:30]} 24. Rab1
{[%clk 0:25:24]} a3 {[%clk 0:33:40]} 25. Rb8+ {[%clk 0:25:28]} Rxb8
{[%clk 0:34:03]} 26. Rxb8+ {[%clk 0:25:53]} Kd7 {[%clk 0:29:28]} 27. Kc2
{[%clk 0:25:13]} a2 {[%clk 0:22:14]} 28. Rb7+ {[%clk 0:24:28]} Kc6
{[%clk 0:18:22]} 29. Rc7+ {[%clk 0:23:23]} Kb6 {[%clk 0:18:45]} 30. Kb2
{[%clk 0:23:47]} f6 {[%clk 0:18:10]} 31. Rf7 {[%clk 0:21:01]} Bb4
{[%clk 0:12:00]} 32. Kxa2 {[%clk 0:20:33]} Ra8+ {[%clk 0:12:22]} 33. Kb3
{[%clk 0:20:35]} Bf8 {[%clk 0:12:48]} 34. g4 {[%clk 0:19:57]} Kb5
{[%clk 0:12:03]} 35. h4 {[%clk 0:19:01]} Ra3+ {[%clk 0:10:21]} 36. Kb2
{[%clk 0:18:03]} Ra8 {[%clk 0:10:45]} 37. Kc3 {[%clk 0:15:36]} Bb4+
{[%clk 0:07:10]} 38. Kb3 {[%clk 0:15:02]} Ra3+ {[%clk 0:06:44]} 39. Kb2
{[%clk 0:14:54]} Rd3 {[%clk 0:06:08]} 40. Rb7+ {[%clk 0:41:47]} Kc4
{[%clk 0:34:58]} 41. Rc7+ {[%clk 0:41:26]} Kb5 {[%clk 0:35:26]} 42. Bg3
{[%clk 0:41:14]} Rd2+ {[%clk 0:34:10]} 43. Kc1 {[%clk 0:41:33]} Re2
{[%clk 0:33:34]} 44. Kd1 {[%clk 0:34:21]} Rd2+ {[%clk 0:32:36]} 45. Kc1
{[%clk 0:34:19]} Ra2 {[%clk 0:30:37]} 46. h5 {[%clk 0:28:27]} h6 {[%clk 0:14:32]}
47. Kd1 {[%clk 0:27:43]} Rd2+ {[%clk 0:14:55]} 48. Kc1 {[%clk 0:28:08]} Ra2
{[%clk 0:15:09]} 49. Kd1 {[%clk 0:28:10]} Rd2+ {[%clk 0:13:30]} 50. Kc1
{[%clk 0:28:34]} Ka4 {[%clk 0:11:08]} 51. Rb7 {[%clk 0:22:35]} Bc3
{[%clk 0:11:00]} 52. Bh4 {[%clk 0:18:56]} e5 {[%clk 0:10:13]} 53. dxe5
{[%clk 0:15:30]} fxe5 {[%clk 0:10:39]} 54. Bg3 {[%clk 0:15:44]} Re2
{[%clk 0:08:15]} 55. Kd1 {[%clk 0:14:20]} Rd2+ {[%clk 0:08:43]} 56. Kc1
{[%clk 0:14:43]} Re2 {[%clk 0:06:19]} 57. Kd1 {[%clk 0:13:53]} Rd2+
{[%clk 0:06:33]} 58. Kc1 {[%clk 0:13:55]} Re2 {[%clk 0:04:17]} 1/2-1/2

[Event "World Chess Olympiad 2018"]
[Site "Batumi"]
[Date "2018.10.01"]
[Round "7"]
[Board "3"]
[WhiteFideId "14003937"]
[White "Nurmamedov Azat"]
[BlackFideId "10207791"]
[Black "Mohammad Fahad Rahman"]
[Result "1-0"]
[LiveChessVersion "1.4.8"]
[BlackElo "2263"]
[WhiteElo "2349"]

1. d4 {[%clk 1:30:56]} d5 {[%clk 1:30:54]} 2. Nf3 {[%clk 1:30:59]} e6
{[%clk 1:31:15]} 3. Bf4 {[%clk 1:30:58]} Bd6 {[%clk 1:31:07]} 4. Bg3
{[%clk 1:31:26]} h5 {[%clk 1:30:06]} 5. Nbd2 {[%clk 1:25:44]} h4 {[%clk 1:30:01]}
6. Bxd6 {[%clk 1:26:07]} Qxd6 {[%clk 1:30:22]} 7. c3 {[%clk 1:24:34]} Nf6
{[%clk 1:30:17]} 8. e3 {[%clk 1:23:09]} Nbd7 {[%clk 1:26:29]} 9. Qa4
{[%clk 1:13:34]} c6 {[%clk 1:25:01]} 10. Qb4 {[%clk 1:12:29]} Qxb4
{[%clk 1:16:59]} 11. cxb4 {[%clk 1:12:28]} Ke7 {[%clk 1:17:13]} 12. h3
{[%clk 1:09:05]} Ne4 {[%clk 1:13:33]} 13. Nxe4 {[%clk 1:04:39]} dxe4
{[%clk 1:14:01]} 14. Nd2 {[%clk 1:05:03]} f5 {[%clk 1:14:20]} 15. Nb3
{[%clk 1:04:57]} e5 {[%clk 1:10:08]} 16. b5 {[%clk 0:59:52]} exd4
{[%clk 1:05:56]} 17. bxc6 {[%clk 0:59:44]} bxc6 {[%clk 1:06:20]} 18. Nxd4
{[%clk 0:59:04]} Ne5 {[%clk 1:04:30]} 19. Rc1 {[%clk 0:56:36]} Be6
{[%clk 1:04:27]} 20. Be2 {[%clk 0:48:43]} Rac8 {[%clk 1:00:19]} 21. Rc5
{[%clk 0:43:36]} Kd6 {[%clk 0:59:45]} 22. Ra5 {[%clk 0:41:59]} g6
{[%clk 0:58:54]} 23. O-O {[%clk 0:38:40]} Bc4 {[%clk 0:49:49]} 24. Rd1
{[%clk 0:29:26]} Bd3 {[%clk 0:50:02]} 25. b3 {[%clk 0:28:37]} c5 {[%clk 0:42:16]}
26. f4 {[%clk 0:25:07]} cxd4 {[%clk 0:28:33]} 27. fxe5+ {[%clk 0:25:27]} Ke6
{[%clk 0:28:21]} 28. Bxd3 {[%clk 0:25:43]} exd3 {[%clk 0:28:45]} 29. exd4
{[%clk 0:19:57]} Rc3 {[%clk 0:28:47]} 30. Kf2 {[%clk 0:17:33]} Rd8
{[%clk 0:27:06]} 31. Ra4 {[%clk 0:10:36]} f4 {[%clk 0:27:18]} 32. Kf3
{[%clk 0:10:11]} Kf5 {[%clk 0:27:41]} 33. Rd2 {[%clk 0:08:45]} g5
{[%clk 0:25:55]} 34. e6 {[%clk 0:05:22]} Kxe6 {[%clk 0:12:56]} 35. Ke4
{[%clk 0:05:05]} Re8 {[%clk 0:13:18]} 36. d5+ {[%clk 0:04:57]} Kf6+
{[%clk 0:10:01]} 37. Kd4 {[%clk 0:05:21]} Rc2 {[%clk 0:08:16]} 38. Kxd3
{[%clk 0:04:39]} Rxd2+ {[%clk 0:08:40]} 39. Kxd2 {[%clk 0:05:04]} Re3
{[%clk 0:09:05]} 40. Ra6+ {[%clk 0:33:41]} Kf5 {[%clk 0:39:34]} 41. Re6
{[%clk 0:27:39]} Rg3 {[%clk 0:38:01]} 42. Re2 {[%clk 0:28:01]} g4
{[%clk 0:38:27]} 43. d6 {[%clk 0:21:58]} gxh3 {[%clk 0:38:03]} 44. d7
{[%clk 0:17:40]} hxg2 {[%clk 0:30:18]} 45. d8=Q {[%clk 0:18:00]} g1=Q
{[%clk 0:30:41]} 46. Qd7+ {[%clk 0:15:47]} Kg6 {[%clk 0:30:56]} 47. Qe8+
{[%clk 0:15:05]} Kg5 {[%clk 0:14:39]} 48. Qg8+ {[%clk 0:14:00]} Kf6
{[%clk 0:15:03]} 49. Qf8+ {[%clk 0:07:09]} Kg6 {[%clk 0:15:16]} 50. Qe8+
{[%clk 0:03:57]} Kg5 {[%clk 0:15:15]} 51. Qg8+ {[%clk 0:03:49]} Kf6
{[%clk 0:15:44]} 52. Qd8+ {[%clk 0:01:58]} Kf5 {[%clk 0:15:43]} 53. Qd7+
{[%clk 0:02:18]} Kg6 {[%clk 0:15:46]} 54. Re6+ {[%clk 0:02:20]} Kh5
{[%clk 0:15:40]} 55. Re5+ {[%clk 0:02:30]} Kh6 {[%clk 0:15:27]} 56. Qd6+
{[%clk 0:02:35]} Kh7 {[%clk 0:07:11]} 57. Rh5+ {[%clk 0:02:34]} Kg7
{[%clk 0:05:59]} 58. Qe7+ {[%clk 0:02:28]} Kg6 {[%clk 0:04:54]} 59. Qh7+
{[%clk 0:02:54]} Kf6 {[%clk 0:05:17]} 60. Rf5+ {[%clk 0:03:15]} Ke6
{[%clk 0:05:34]} 61. Qf7+ {[%clk 0:03:44]} Kd6 {[%clk 0:05:51]} 62. Rd5+
{[%clk 0:04:12]} 1-0

[Event "World Chess Olympiad 2018"]
[Site "Batumi"]
[Date "2018.10.01"]
[Round "7"]
[Board "4"]
[WhiteFideId "10200649"]
[White "Hossain Enamul"]
[BlackFideId "14001128"]
[Black "Atabayev Yusup"]
[Result "1/2-1/2"]
[LiveChessVersion "1.4.8"]
[BlackElo "2411"]
[WhiteElo "2452"]

1. e4 {[%clk 1:30:52]} c5 {[%clk 1:30:45]} 2. Nf3 {[%clk 1:31:07]} d6
{[%clk 1:31:09]} 3. d4 {[%clk 1:31:15]} cxd4 {[%clk 1:31:33]} 4. Nxd4
{[%clk 1:31:32]} Nf6 {[%clk 1:31:56]} 5. Nc3 {[%clk 1:31:55]} a6 {[%clk 1:32:22]}
6. f3 {[%clk 1:31:46]} e5 {[%clk 1:32:11]} 7. Nb3 {[%clk 1:32:12]} Be6
{[%clk 1:32:09]} 8. Be3 {[%clk 1:32:32]} Be7 {[%clk 1:32:01]} 9. Qd2
{[%clk 1:32:49]} O-O {[%clk 1:32:14]} 10. O-O-O {[%clk 1:33:00]} Nbd7
{[%clk 1:32:17]} 11. g4 {[%clk 1:32:47]} b5 {[%clk 1:32:24]} 12. g5
{[%clk 1:32:00]} Nh5 {[%clk 1:32:49]} 13. Nd5 {[%clk 1:31:39]} Bxd5
{[%clk 1:29:25]} 14. exd5 {[%clk 1:32:06]} f5 {[%clk 1:29:13]} 15. Rg1
{[%clk 1:28:03]} f4 {[%clk 1:20:59]} 16. Bf2 {[%clk 1:26:39]} Bxg5
{[%clk 1:21:20]} 17. Bh3 {[%clk 1:26:15]} Bh6 {[%clk 1:18:34]} 18. Na5
{[%clk 1:23:20]} Kh8 {[%clk 1:14:48]} 19. Nc6 {[%clk 1:18:29]} Qe8
{[%clk 1:07:22]} 20. Qb4 {[%clk 1:16:11]} Rf6 {[%clk 1:00:00]} 21. Kb1
{[%clk 1:07:25]} g6 {[%clk 0:52:09]} 22. c4 {[%clk 0:59:44]} bxc4
{[%clk 0:42:40]} 23. Qxc4 {[%clk 0:51:48]} Bf8 {[%clk 0:41:08]} 24. Rd3
{[%clk 0:39:59]} Ng7 {[%clk 0:38:57]} 25. Bh4 {[%clk 0:35:42]} Rf7
{[%clk 0:39:03]} 26. Be6 {[%clk 0:34:25]} Nc5 {[%clk 0:38:32]} 27. Bxf7
{[%clk 0:33:39]} Qxf7 {[%clk 0:38:57]} 28. Ra3 {[%clk 0:30:50]} Qf5+
{[%clk 0:29:16]} 29. Qc2 {[%clk 0:24:30]} e4 {[%clk 0:29:02]} 30. fxe4
{[%clk 0:14:34]} Nxe4 {[%clk 0:29:28]} 31. Re1 {[%clk 0:14:01]} Nd2+
{[%clk 0:26:38]} 32. Kc1 {[%clk 0:14:26]} Qxc2+ {[%clk 0:27:05]} 33. Kxc2
{[%clk 0:14:43]} Nc4 {[%clk 0:27:33]} 34. Rc3 {[%clk 0:07:49]} Ne3+
{[%clk 0:25:35]} 35. Rcxe3 {[%clk 0:08:08]} fxe3 {[%clk 0:25:56]} 36. Bf6
{[%clk 0:08:24]} Kg8 {[%clk 0:25:33]} 37. Bxg7 {[%clk 0:08:42]} Bxg7
{[%clk 0:25:58]} 38. Rxe3 {[%clk 0:09:06]} Rf8 {[%clk 0:26:01]} 39. Re2
{[%clk 0:08:15]} Rf4 {[%clk 0:26:01]} 40. b4 {[%clk 0:37:12]} Kf8
{[%clk 0:55:03]} 41. a4 {[%clk 0:20:49]} Rf5 {[%clk 0:54:53]} 42. Rd2
{[%clk 0:18:46]} Bh6 {[%clk 0:52:01]} 43. Rd3 {[%clk 0:19:01]} Rf2+
{[%clk 0:52:21]} 44. Kb3 {[%clk 0:18:49]} Rxh2 {[%clk 0:52:13]} 45. b5
{[%clk 0:16:49]} axb5 {[%clk 0:52:03]} 46. a5 {[%clk 0:16:02]} Re2
{[%clk 0:49:49]} 47. a6 {[%clk 0:13:44]} Be3 {[%clk 0:50:14]} 48. a7
{[%clk 0:12:56]} Bxa7 {[%clk 0:50:31]} 49. Nxa7 {[%clk 0:13:25]} Ke7
{[%clk 0:50:11]} 50. Nxb5 {[%clk 0:12:08]} h5 {[%clk 0:48:59]} 51. Nd4
{[%clk 0:09:22]} Re4 {[%clk 0:49:09]} 52. Kc3 {[%clk 0:05:37]} Kf6
{[%clk 0:49:16]} 53. Nc6 {[%clk 0:05:30]} h4 {[%clk 0:48:53]} 54. Rf3+
{[%clk 0:05:20]} Kg5 {[%clk 0:46:57]} 55. Kd3 {[%clk 0:04:43]} Ra4
{[%clk 0:45:19]} 56. Ke2 {[%clk 0:05:02]} Ra2+ {[%clk 0:44:37]} 57. Kf1
{[%clk 0:03:56]} Kg4 {[%clk 0:39:39]} 58. Rf6 {[%clk 0:04:23]} g5
{[%clk 0:39:34]} 59. Rxd6 {[%clk 0:04:51]} h3 {[%clk 0:36:59]} 60. Rh6
{[%clk 0:05:07]} Kg3 {[%clk 0:31:12]} 61. d6 {[%clk 0:04:51]} Rd2
{[%clk 0:29:52]} 62. Ke1 {[%clk 0:03:41]} Rxd6 {[%clk 0:26:12]} 63. Rxd6
{[%clk 0:04:09]} h2 {[%clk 0:26:36]} 64. Rh6 {[%clk 0:04:30]} Kg2
{[%clk 0:27:01]} 65. Ne5 {[%clk 0:04:39]} h1=Q+ {[%clk 0:27:25]} 66. Rxh1
{[%clk 0:05:03]} Kxh1 {[%clk 0:27:52]} 67. Kf2 1/2-1/2